MARC

LEADER 00000nas a2200000 a 4500
001 ssj0012496
003 WaSeSS
005 20200512172242.0
006 m d
007 cr n
008 020419c19909999enktr pss 0 0eng c
010 |a  2002238347 
015 |a GBA602977  |2 bnb 
016 7 |a 013352132  |2 Uk 
022 |a 1363-030X  |l 1036-1146  |y 1036-1146 
035 |a (WaSeSS)ssj0012496 
040 |a IUL  |b eng  |c IUL  |d OCLCQ  |d CGU  |d F#A  |d EYM  |d MUQ  |d OCLCQ  |d UKMGB  |d OCLCQ  |d OCLCF  |d OCLCO  |d OCL  |d OCLCQ  |d WT2  |d DLC  |d NLE  |d OCLCQ  |d AU@  |d VT2  |d SFB  |d OCLCQ  |d WaSeSS 
042 |a pcc 
043 |a u------ 
050 0 0 |a JQ3995.A1 
050 4 |a JQ1  |b .A938 
130 0 |a Australian journal of political science (Online) 
245 1 0 |a Australian journal of political science  |h [electronic resource]. 
260 |a [London] :  |b Carfax 
310 |a Three no. a year 
362 1 |a Print began with vol. 25, no. 2 (Nov. 1990). 
506 |a License restrictions may limit access. 
538 |a Mode of access: World Wide Web. 
550 |a Official journal of the Australasian Political Studies Association. 
588 0 |a Vol. 31, no. 1 (Mar. 1996); title from introductory page, viewed Apr. 19, 2002. 
588 1 |a Vol. 52, issue 4 (2017) (Taylor & Francis Online viewed November 9, 2017). 
650 0 |a Political science  |v Periodicals. 
650 6 |a Science politique  |v Périodiques. 
650 7 |a Politics and government  |2 fast  |0 (OCoLC)fst01919741 
650 7 |a Political science.  |2 fast  |0 (OCoLC)fst01069781 
651 0 |a Australasia  |x Politics and government  |v Periodicals. 
651 6 |a Australasie  |x Politique et gouvernement  |v Périodiques. 
651 7 |a Australasia.  |2 fast  |0 (OCoLC)fst01240888 
655 0 |a Electronic journals. 
710 2 |a Australasian Political Studies Association. 
710 2 |a Taylor & Francis. 
776 1 |t Australian journal of political science  |x 1036-1146  |w (DLC) 91657734  |w (OCoLC)23018344 
780 0 0 |t Politics (Kensington, N.S.W.)  |x 0032-3268 
850 |a DLC 
853 2 0 |8 1  |a v.  |b no.  |u 3  |v r  |i (year)  |j (month)  |w t  |x 03  |y pm03,07,11 
856 4 0 |z Full text available from Research Library: 03/01/1997 to 11/30/2000  |u https://search.proquest.com/publication/48790 
863 4 1 |8 1.1  |a 31  |b 1  |i 1996  |j 03